Normal view MARC view

Entry Personal Name

Number of records used in: 2

001 - CONTROL NUMBER

  • control field: 153

003 - CONTROL NUMBER IDENTIFIER

  • control field: DLC

005 - DATE AND TIME OF LATEST TRANSACTION

  • control field: 20191116103944.0

008 - FIXED-LENGTH DATA ELEMENTS

  • fixed length control field: 840420n| azannaabn |b aaa

010 ## - LIBRARY OF CONGRESS CONTROL NUMBER

  • LC control number: n 84007523

035 ## - SYSTEM CONTROL NUMBER

  • System control number: (OCoLC)oca01103291

040 ## - CATALOGING SOURCE

  • Original cataloging agency: DLC
  • Language of cataloging: eng
  • Transcribing agency: DLC
  • Modifying agency: DLC
  • Modifying agency: DLC-ON
  • Modifying agency: OCoLC
  • Modifying agency: DLC
  • Description conventions: rda

046 ## - SPECIAL CODED DATES

  • Birth date: 19290917

053 #0 - LC CLASSIFICATION NUMBER

  • Classification number element--single number or beginning number of span: PK2200.V497

100 1# - HEADING--PERSONAL NAME

  • Personal name: Vikram, Nand Kishor

375 ## - GENDER

  • Gender: male

377 ## - ASSOCIATED LANGUAGE

  • Language code: urd

400 0# - SEE FROM TRACING--PERSONAL NAME

  • Personal name: Nand Kishor Vikram

400 0# - SEE FROM TRACING--PERSONAL NAME

  • Personal name: Nanda Kiśora Vikrama

400 1# - SEE FROM TRACING--PERSONAL NAME

  • Personal name: Vikrama, Nanda Kiśora

400 0# - SEE FROM TRACING--PERSONAL NAME

  • Personal name: Nandakiśora Vikrama

400 1# - SEE FROM TRACING--PERSONAL NAME

  • Personal name: Vikrama, Nandakiśora

400 0# - SEE FROM TRACING--PERSONAL NAME

  • Personal name: Nand Kishore Vikram

400 1# - SEE FROM TRACING--PERSONAL NAME

  • Personal name: Vikram, Nand Kishore

400 1# - SEE FROM TRACING--PERSONAL NAME

  • Personal name: Dat, Nand Kishor

400 0# - SEE FROM TRACING--PERSONAL NAME

  • Personal name: Nand Kishor Dat

400 1# - SEE FROM TRACING--PERSONAL NAME

  • Personal name: نند كشور وكرم

400 1# - SEE FROM TRACING--PERSONAL NAME

  • Personal name: وکرم، نند کشور

670 ## - SOURCE DATA FOUND

  • Source citation: Raṅga-biraṅge phūla, 1981:
  • Information found: t.p. (Nanda Kiśora Vikrama)

670 ## - SOURCE DATA FOUND

  • Source citation: Tasvīreṃ, 2001:
  • Information found: t.p. (Nandakiśora Vikrama)

670 ## - SOURCE DATA FOUND

  • Source citation: Unnīsvān̲ adhyāʼe, 2001:
  • Information found: t.p. verso (Nand Kishore Vikram) p. 4 of cover (b. 09/17/1929)

670 ## - SOURCE DATA FOUND

  • Source citation: Ādhā sac, 2007:
  • Information found: p. 165 (b. Sep. 17, 1929, Nand Kishor Dat)

670 ## - SOURCE DATA FOUND

  • Source citation: Farhād-i lauḥ va qalam, 2009:
  • Information found: t.p. (نند کشور وکرم = Nand Kishor Vikram)

Powered by Koha